| 000 | 00658nam a22001817a 4500 | ||
|---|---|---|---|
| 999 |
_c3626 _d3626 |
||
| 003 | Nust | ||
| 005 | 20180117090010.0 | ||
| 008 | 161122b xxu||||| |||| 00| 0 eng d | ||
| 020 | _a9789327213096 | ||
| 040 | _cloc | ||
| 100 | _4R.K LEKHI | ||
| 245 | _aPrinciples of macro economics | ||
| 260 |
_aLudhiana _bKalyani publishers _c2011 |
||
| 300 | _a168p | ||
| 942 |
_2ddc _cBK |
||